| 000 | 00357nam a2200109 4500 | ||
|---|---|---|---|
| 008 | 305.420.972.86 S562s | ||
| 082 |
_a305.420.972.86 _bS562s |
||
| 245 |
_a¡Sí estuvimos! _bMujeres en la historia |
||
| 300 |
_a7 p. _b12.5 x 14 cm |
||
| 650 |
_xMujeres _xCosta Rica _xsiglo XX _xhistoria _xbiografías _xINAMU _96228 |
||
| 710 |
_aInstituto Nacional de la Mujer _96229 |
||
| 999 |
_c1420 _d1420 |
||